The Epic Saga of the CHOLAS (Record no. 47302)

MARC details
000 -LEADER
fixed length control field 00738nam a22002057a 4500
005 - DATE AND TIME OF LATEST TRANSACTION
control field 20260219113954.0
008 - FIXED-LENGTH DATA ELEMENTS--GENERAL INFORMATION
fixed length control field 260219b |||||||| |||| 00| 0 eng d
020 ## - INTERNATIONAL STANDARD BOOK NUMBER
International Standard Book Number 9789387791947
040 ## - CATALOGING SOURCE
Transcribing agency VITAP
082 ## - DEWEY DECIMAL CLASSIFICATION NUMBER
Edition number 23
Classification number 934.023 SUB
100 ## - MAIN ENTRY--PERSONAL NAME
Personal name Subramanian, T.S
9 (RLIN) 17145
245 ## - TITLE STATEMENT
Title The Epic Saga of the CHOLAS
Remainder of title : Their Art, Temples and Heritage
Statement of responsibility, etc. / T.S. Subramanian
250 ## - EDITION STATEMENT
Edition statement 2nd
260 ## - PUBLICATION, DISTRIBUTION, ETC.
Place of publication, distribution, etc. Chennai
Name of publisher, distributor, etc. THG Publishing Pvt Ltd.
Date of publication, distribution, etc. 2025
300 ## - PHYSICAL DESCRIPTION
Extent 428p, ill.: 30cm
500 ## - GENERAL NOTE
General note it include references pages
650 #0 - SUBJECT ADDED ENTRY--TOPICAL TERM
Topical term or geographic name entry element Origin of the Cholas, Important Chola Rulers, Administration & Governance, Art & Architecture, Famous Temples, Religion & Culture etc.
9 (RLIN) 17146
700 ## - ADDED ENTRY--PERSONAL NAME
Personal name Kirubanidhi, K Ed.
9 (RLIN) 17147
942 ## - ADDED ENTRY ELEMENTS (KOHA)
Source of classification or shelving scheme Dewey Decimal Classification
Koha item type Reference Book
Holdings
Withdrawn status Lost status Source of classification or shelving scheme Materials specified (bound volume or other part) Damaged status Not for loan Collection code Home library Current library Shelving location Date acquired Source of acquisition Cost, normal purchase price Inventory number Total Checkouts Full call number Barcode Date last seen Cost, replacement price Price effective from Koha item type Public note
    Dewey Decimal Classification Hard Bound   Not For Loan Reference School of Business & General Section VIT-AP Reference 2026-01-12 The Hindu Group of Publications 4999.00 9001173329   934.023 SUB 025511 2026-02-19 4999.00 2026-01-12 Reference Book GEN

Visitor Number: